000 00830nam a2200301Ia 4500
003 OSt
005 20220912144543.0
006 a|||||r|||| 00| 0
007 ta
008 220909b |||||||| |||| 00| 0 eng d
020 _a8185047405 (hbk)
020 _aSL0859919
024 _a193358
037 _cTextual
040 _aCSL
_beng
_cCSL
041 _aeng
082 _aY31:7:7, M8
100 _aGurumurthy K.G
245 0 _aRural development and factional politics
260 _aNew Delhi
_b Reliance publishing house
_c1988
300 _axxi, 189p. ill.
500 _aBibliography 181-186p.; Index 187-189p.
650 _a Factionalism in kallapura
650 _aRural development
700 _aGurumurthy K.G
942 _hY31:7:7, M8
_cTEXL
_2CC
999 _c11853
_d11853